04272cam a2200373 a 450000500170000000700150001700800410003203500100007304000090008304300210009208000150011309000150012824501910014325600240033426000350035830000290039350026230042250400330304550602750307865000300335365000380338365000200342165000290344170000320347070000290350270000230353170000270355470000280358174000380360985601280364794200080377595200960378399900190387920240305165430.0cr|||| |||| 101005s20102012spc|||||| |000 0|cat|  a12729 avLex ae-sp---be-spc-- a347(467.1) c5467d546700aDret civil català h[Recurso electrónico] :b Drets Reals. Drets reals limitats i Registre de la Propietat /cAdolfo Lucas Esteve (dir.) ; Oscar Amills Eras ... [et al.]nVol. IV (2) aServicio en línea aBarcelona :bJ.M. Bosch,c2014 a1 recurso electrónico  aL’aparició d’aquests dos volums consolida el gran èxit de la col·lecció de dret civil català, que té com a objectiu l’estudi del dret civil vigent a Catalunya d’una forma completa, didàctica i actualitzada, fet que la converteix en la col·lecció de referència del panorama jurídic català, tant des d’un vessant dogmàtic com pràctic. En aquesta obra es realitza un estudi complet i exhaustiu dels drets reals aplicables a Catalunya, fent una anàlisi especial del Llibre V del Codi civil de Catalunya, Llei 5/2006, de 10 de maig, relatiu als drets reals. En aquest llibre, un grup escollit de professionals del dret, integrat per professors universitaris, registradors de la propietat, notaris, advocats i magistrats, ha aportat el seu coneixement en l’àmbit dels drets reals. El resultat és una obra que combina la teoria jurídica amb la pràctica habitual en les notaries, registres, despatxos d’advocats i tribunals de justícia i que satisfà tant les necessitats dels universitaris que han d’estudiar la matèria, com les necessitats dels professionals que han d’aplicar-la. L’estructura d’aquest manual està integrada per 29 capítols dividit en dos volums: En el primer volum s’estudia la possessió, la propietat i les situacions de comunitat i està integrat pels capítols següents: 1. Els drets reals. 2. Els béns i el patrimoni. 3. La possessió. 4. Títols adquisitius i translatius dels drets reals. La tradició. 5. La donació. 6. La usucapió. 7. L’extinció dels drets reals. 8. La propietat. 9. Títols d’adquisició i extinció exclusius del dret de propietat: accessió, ocupació i abandonament. 10. La propietat intel·lectual. 11. Situacions de comunitat. La comunitat ordinària indivisa. 12. La propietat horitzontal. 13. La comunitat especial per torns. 14. La mitgeria. En el segon volum s’estudia els drets reals limitats i el Registre de la Propietat i està integrat pels capítols següents: 15. El dret d’usdefruit. 16. Els drets d’ús i habitació. 17. Les servituds i els drets d’aprofitament parcial. 18. El dret de superfície. 19. Els drets de cens. 20. El dret de vol. 21. Els drets reals d’adquisició preferent. 22. Els drets reals de garantia. 23. El dret de retenció. 24. El dret de penyora. 25. L’anticresi. 26. La hipoteca. 27. La hipoteca mobiliària i la penyora sense desplaçament. 28. El Registre de la Propietat de béns immobles. 29. El Registre de la Propietat de béns mobles. I hi afegeix una addenda destinada a l’estudi de la fiscalitat en la transmissió dels béns. aReferencias bibliográficas1 aContenido disponible en los productos indicadosdvLex GlobaldvLex Global (Academic Edition, excluding Law Schools)dvLex Global (U.S. Academic Edition, Law Schools)dvLex Global (U.S. Academic Edition, excluding Law Schools)dvLex Global (Academic Edition, Law Schools)04aDerecho civilzCataluña04aDerecho de sucesioneszCataluña04aDerechos reales04aRegistro de la propiedad1 aLucas Esteve, Adolfo,edir.1 aAlavedra Farrando, Enric1 aAmills Eras, Oscar1 aPuente, Fernando de la1 aCortada i Cortijo, Neus0 avLex Libros (Servicio en línea)40uhttps://app.vlex.com/#/sources/dret-civil-catala-vol-iv-2-drets-reals-drets-reals-limitats-i-registre-de-la-propietat-12729 cRAA 001040708VLEX9321799aBD-UINbBD-UINd2024-03-05l0p12729r2024-03-05w2024-03-05yRAA c163808d163808